01234nam a2200205 a 450000100080000000500110000800800410001910000190006024501310007926003580021030000200056852003240058865000090091265300090092170000190093070000200094970000220096970000180099170000190100915108182025-12-19 2008 bl uuuu u00u1 u #d1 aBERNINI, T. A. aCaracterização das limitações edáficas dos solos de três topossequências da Amazônia Ocidental.h[electronic resource] aIn: REUNIÃO BRASILEIRA DE FERTILIDADE DO SOLO E NUTRIÇÃO DE PLANTAS, 28.; REUNIÃO BRASILEIRA SOBRE MICORRIZAS, 12.; SIMPÓSIO BRASILEIRO DE MICROBIOLOGIA DO SOLO, 10.; REUNIÃO BRASILEIRA DE BIOLOGIA DO SOLO, 7., 2008, Londrina. Desafios para o uso do solo com eficiência e qualidade ambiental: anais. Londrina: Embrapa Soja: SBCS: IAPAR: UELc2008 a4 p.c1 CD-ROM. aOs solos da região da Amazônia Ocidental Brasileira, embora sejam desenvolvidos de material sedimentar, apresentam camadas superpostas de composições mineralógicas diferentes. Este trabalho tem como objetivo a caracterização das limitações edáficas dos solos de três toposseqüências da Amazônia Ocidental. aSolo aAcre1 aPEREIRA, M. G.1 aANJOS, L. H. C.1 aMORALES, A. G. L.1 aSANTOS, L. L.1 aWADT, P. G. S.